000 00655nam a22002537a 4500
003 UA-OsUOA
001 30081
007 ta
008 20041103b un ||||| |||| 00| 0 ukr d
100 _aПащук В.В.
090 _a94(729.1):32
_bП22
942 _cBK
040 _aUA-OsUOA
_brus
_cUA-OsUOA
_dUA-OsUOA
245 _aКуба: революция и внешняя политика
300 _a317 с.
_bІлюстрації
955 _a0
041 _arus
080 _a94(729.1):32
020 _a5-319-00393-5
260 _aКиев
_bПолитиздат Украины
_c1989
044 _aUA
650 7 _2UDC
999 _c316488
_d316488